Účtovníctvo A cvičebnica

Podrobná bibliografia
Hlavný autor: Saxunová, Darina, 1959- (Autor)
Médium: Kniha
Jazyk:slovenčina
Fyzický popis:197 s. sch., tab. 30 cm
Vydavateľské údaje: Bratislava Iura edition 2010
ISBN:9788080783570
Vydanie:4. preprac. a dopl. vyd.
Edícia:Ekonómia
Predmet:

MARC

LEADER 00000cam a2200000 a 4500
001 vtls010184566
003 SK-MaSNL
005 20260302044938.0
008 251029s2010 xo l e bp 000 0 slo
015 |a SNBA2011/08-04631 
020 |a 9788080783570  |q (brož.) 
035 |a 9B58A795-F8FB-4BB6-8199-AC47DA22545D 
035 |a urn:nbn:sk:snk-amkwp6 
035 |a urn:nbn:sk:snk-am0082vz 
040 |a SNK  |b slo  |c SNK  |e AACR2 
041 0 |a slo 
044 |a xo  |c SK 
072 7 |a 657  |x Účtovníctvo  |2 konspekt 
080 |a 657  |2 2001 
080 |a (075.8)  |2 2001 
080 |a (076.5)  |2 2001 
100 1 |a Saxunová, Darina,  |d 1959-  |4 aut  |9 206419 
245 1 0 |a Účtovníctvo A  |b cvičebnica  |c Darina Saxunová 
250 |a 4. preprac. a dopl. vyd. 
260 |a Bratislava  |b Iura edition  |c 2010 
300 |a 197 s.  |b sch., tab.  |c 30 cm 
490 1 |a Ekonómia  |v 357 
504 |a Bibliogr. s. 197. Pozn. Skrat. 
650 0 7 |a účtovníctvo  |2 SNKPH  |9 649 
650 0 7 |a Accounting  |2 SNKPHeng  |9 266872 
655 7 |a učebnice vysokých škôl  |2 SNKPH  |9 70191 
655 7 |a praktické cvičenia  |2 SNKPH  |9 70517 
655 7 |a Textbooks (higher)  |2 SNKPHeng  |9 276436 
655 7 |a Problems, exercises, etc.  |2 SNKPHeng  |9 278342 
830 0 |a Ekonómia  |9 290125 
852 |a Štátna vedecká knižnica v Banskej Bystrici 
919 |a 978-80-8078-357-0 
958 |a NB 
968 |d 65 
999 |c 1091771  |d 1093701 
952 |a SNK  |b SNK  |y PREZ  |7 0  |p 17A0685103  |o snkSB 80758  |i snk2011/755  |8 0  |0 0  |1 0  |4 0  |d 2011-01-13  |f 1  |l 0  |r 2025-05-05 00:00:00  |w 2026-02-24 
952 |a SNK  |b SNK  |y VYP  |7 0  |p 17A0685102  |o snkSB 80758 D1  |i snk2011/757  |8 0  |0 0  |1 0  |4 0  |d 2011-01-13  |l 0  |r 2016-06-30 00:00:00  |w 2026-02-24